| 000 | 00520nam a22001817a 4500 | ||
|---|---|---|---|
| 999 |
_c7387 _d7387 |
||
| 005 | 20211104124151.0 | ||
| 008 | 211104b ||||| |||| 00| 0 eng d | ||
| 020 | _a9788417804855 | ||
| 040 | _aCDMR | ||
| 100 |
_94687 _aGutiérrez, Àlex |
||
| 245 |
_aObjectiu TV3 _c/ Àlex Gutiérrez |
||
| 260 |
_aBarcelona: _b Ara Llibres, _c 2021 |
||
| 300 |
_a472 pàgines; _c22 cm |
||
| 490 |
_aPausa; _v11 |
||
| 610 | 2 | 0 |
_9446 _aTelevisió de Catalunya _xHistòria |
| 610 | 2 | 0 |
_93382 _aCatalunya Ràdio _xHistòria |
| 942 |
_2udc _cMON |
||